Arctic Monkeys Lyrics Quiz: AM - Statistics

General Stats
  • This quiz has been taken 3,948 times
  • The average score is 6 of 10
Answer Stats
Hint Answer % Correct
Why'd you only call me when you're high
94%
I wanna be your vacuum cleaner, breathing in your... dust
90%
I'm a puppet on a .... string
89%
I wanna grab both your shoulders and shake, baby.. snap out of it
81%
Do I wanna know... if this feeling flows both ways
71%
My days end best when the sunset gets itself behind.. that little lady
57%
If that watch don't continue to swing or the fat lady fancies having.. a sing
47%
Sunglasses indoors par for the... course
42%
You sit and try sometimes but you just cant figure out.. what went wrong
33%
That's magic in a... cheetah print coat
29%
No matching quizzes found
Score Distribution
Percent of People with Each Score
Percentile by Number Answered
Your Score History
You have not taken this quiz